Vývoj tendencií platených a neplatených služieb pre obyvateľstvo a ich vplyv na zamestnanosť expertíza E 904 802 53

Enregistré dans:
Détails bibliographiques
Auteur principal: Michalová, Valéria
Format: Livre
Langue:slovaque
Publié: Bratislava Výskumný ústav sociálneho rozvoja a práce 1989
Sujets:
Tags: Ajouter un tag
Pas de tags, Soyez le premier à ajouter un tag!

MARC

LEADER 00000nam$a2200000$$$4500
001 0091684
005 20240111123252.2
041 0 |a slo 
044 |a SK 
245 1 0 |a Vývoj tendencií platených a neplatených služieb pre obyvateľstvo a ich vplyv na zamestnanosť  |b expertíza E 904 802 53  |c riešiteľ: Valéria Michalová za spolupráce koordinovaných výskumných ústavov služieb a ďalších autorov 
264 1 |a Bratislava  |b Výskumný ústav sociálneho rozvoja a práce  |c 1989 
300 |a 50 s. 
610 2 0 |a služby neplatené 
610 2 0 |a služby platené 
610 2 0 |a služby 
610 2 0 |a zamestnanosť 
100 1 |a Michalová, Valéria